| 000 | 00905nam a2200265Ia 4500 | ||
|---|---|---|---|
| 003 | OSt | ||
| 005 | 20220918110209.0 | ||
| 006 | a|||||r|||| 00| 0 | ||
| 007 | ta | ||
| 008 | 220915b |||||||| |||| 00| 0 kan d | ||
| 020 |
_a8120603176 (hbk) _c210 |
||
| 024 | _a257769 | ||
| 037 |
_bA-0246, 21/09/2010, Asian Educational Services _cReference Collections |
||
| 040 |
_aARTS _cARTS _bkan |
||
| 041 |
_2kan _akan |
||
| 082 | _aP33,4k, 111N8(RR) | ||
| 100 |
_aRao Narasinga _96322 |
||
| 245 | 0 | _aHandbook of Kannada proverbs with English equivalents | |
| 246 | _aHandbook of Kannad proverbsa with English equivalents | ||
| 260 |
_aNew Delhi _bAsian Educational Services India _c1998 |
||
| 300 | _a84p. | ||
| 650 | _aLINGUISTICS | ||
| 942 |
_hP33,4k, 111N8(RR) _cREF |
||
| 999 |
_c111547 _d111547 |
||